MARC details
| 000 -LEADER |
| campo de control de longitud fija |
02077nam a22003857a 4500 |
| 003 - IDENTIFICADOR DE NÚMERO DE CONTROL |
| campo de control |
OSt |
| 005 - FECHA Y HORA DE LA ÚLTIMA TRANSACCIÓN |
| campo de control |
20230616094340.0 |
| 008 - DATOS DE LONGITUD FIJA--INFORMACIÓN GENERAL |
| campo de control de longitud fija |
221006b |||||||| |||| 00| 0 eng d |
| 040 ## - FUENTE DE CATALOGACIÓN |
| Centro/agencia transcriptor |
Biblioteca Lado V |
| 082 ## - NÚMERO DE LA CLASIFICACIÓN DECIMAL DEWEY |
| Número de clasificación |
709.05 |
| Número de ítem |
G851a |
| 100 ## - ENTRADA PRINCIPAL--NOMBRE DE PERSONA |
| 9 (RLIN) |
855 |
| Nombre de persona |
Griffin, Tim |
| Término indicativo de función/relación |
editor |
| 245 ## - MENCIÓN DEL TÍTULO |
| Título |
Artforum/ |
| Resto del título |
Internacional/ |
| 260 ## - PUBLICACIÓN, DISTRIBUCIÓN, ETC. |
| Lugar de publicación, distribución, etc. |
New York |
| Fecha de publicación, distribución, etc. |
2003 |
| Nombre del editor, distribuidor, etc. |
New York editorial and business offices |
| 300 ## - DESCRIPCIÓN FÍSICA |
| Dimensiones |
26.5x27cm |
| Extensión |
288p. |
| 366 ## - INFORMACIÓN SOBRE DISPONIBILIDAD COMERCIAL |
| Nota |
eng |
| 490 ## - MENCIÓN DE SERIE |
| Mención de serie |
Marzo |
| Designación de volumen o secuencia |
2003 |
| Número Internacional Normalizado para Publicaciones Seriadas |
0864-1315 |
| 505 ## - NOTA DE CONTENIDO CON FORMATO |
| Título |
Contributors |
| 505 ## - NOTA DE CONTENIDO CON FORMATO |
| Título |
Editor's Note |
| 505 ## - NOTA DE CONTENIDO CON FORMATO |
| Título |
WRITING THE 80'S |
| Nota de contenido con formato |
Other voices: Four Critical Vignettes<br/>The Diarist<br/>The Architects<br/>The Painter<br/>The Poets<br/><br/>Outside the Box: Unpacking Craig Owen's Slide Library<br/><br/>Zines for a Day: The Other Art Press |
| 505 ## - NOTA DE CONTENIDO CON FORMATO |
| Título |
80's Then |
| 505 ## - NOTA DE CONTENIDO CON FORMATO |
| Título |
80's Again |
| 505 ## - NOTA DE CONTENIDO CON FORMATO |
| Título |
TIME CAPSULES |
| Nota de contenido con formato |
1980-1985 |
| 505 ## - NOTA DE CONTENIDO CON FORMATO |
| Título |
MILESTONES |
| Nota de contenido con formato |
1980: Fassbinder's Berlin Alexanderplatz<br/><br/>1980: Talkin Heads' Remain in Light<br/><br/>1981: New York<br/><br/>1981: Keith Haring's Wilde Style<br/><br/>1981: Scritti Politti's<br/><br/>1982: Bruce Webwe<br/><br/>1982: The Other de Chirico<br/><br/>1982: Anselm Kiefer's Innenraum<br/><br/>1982: Blade Runner<br/><br/>1984: World of Video<br/><br/>1985: The Replacements; Tim<br/><br/>1985: Wigstock |
| 505 ## - NOTA DE CONTENIDO CON FORMATO |
| Título |
FEATURES |
| Nota de contenido con formato |
The Morning After: A Roundtable<br/><br/>Ripening on the Rhine: The Cologne Art World of the 80's<br/><br/>My 80's My Postmodernism<br/><br/>Blood of the Poets: The Tribal 80's<br/><br/>Whatever Happened to: The Trouble witch Christian Leight<br/><br/>Princes Among Thieves: Sampling the 80's |
| 505 ## - NOTA DE CONTENIDO CON FORMATO |
| Título |
REVIEWS |
| 650 ## - PUNTO DE ACCESO ADICIONAL DE MATERIA--TÉRMINO DE MATERIA |
| Fuente del encabezamiento o término |
Tesauro de Arte & Arquitectura |
| Término de materia o nombre geográfico como elemento de entrada |
ARTE COMTEMPORANEO |
| 9 (RLIN) |
703 |
| 650 ## - PUNTO DE ACCESO ADICIONAL DE MATERIA--TÉRMINO DE MATERIA |
| Fuente del encabezamiento o término |
Tesauro de Arte & Arquitectura |
| Término de materia o nombre geográfico como elemento de entrada |
FOTOGRAFIA |
| 9 (RLIN) |
702 |
| 650 ## - PUNTO DE ACCESO ADICIONAL DE MATERIA--TÉRMINO DE MATERIA |
| Fuente del encabezamiento o término |
Tesauro de Arte & Arquitectura |
| Término de materia o nombre geográfico como elemento de entrada |
ARTE VISUAL |
| 9 (RLIN) |
702 |
| 650 ## - PUNTO DE ACCESO ADICIONAL DE MATERIA--TÉRMINO DE MATERIA |
| Fuente del encabezamiento o término |
Tesauro de Arte & Arquitectura |
| Término de materia o nombre geográfico como elemento de entrada |
LIBROS |
| 650 ## - PUNTO DE ACCESO ADICIONAL DE MATERIA--TÉRMINO DE MATERIA |
| Fuente del encabezamiento o término |
Tesauro de Arte & Arquitectura |
| Término de materia o nombre geográfico como elemento de entrada |
NOTICIAS |
| 650 ## - PUNTO DE ACCESO ADICIONAL DE MATERIA--TÉRMINO DE MATERIA |
| Fuente del encabezamiento o término |
Tesauro de Arte & Arquitectura |
| Término de materia o nombre geográfico como elemento de entrada |
ARTE INTERNACIONAL |
| 650 ## - PUNTO DE ACCESO ADICIONAL DE MATERIA--TÉRMINO DE MATERIA |
| Fuente del encabezamiento o término |
Tesauro de Arte & Arquitectura |
| Término de materia o nombre geográfico como elemento de entrada |
ESCULTURA |
| 700 ## - ENTRADA AGREGADA--NOMBRE PERSONAL |
| Nombre de persona |
Navarreta, Jose Antonio |
| Término indicativo de función/relación |
editor |
| 942 ## - ELEMENTOS DE ENTRADA SECUNDARIOS (KOHA) |
| Fuente del sistema de clasificación o colocación |
Clasificación Decimal Dewey |
| Tipo de ítem Koha |
Libros |
| Parte de la signatura que corresponde a la clasificación (Parte de la clasificación) |
709.05 |
| Parte de la signatura que identifica el ejemplar (Parte del ítem) |
G851a |
| Suprimir en OPAC |
No |